00404 a2200121 4500100002800000245004300028300002900071650001900100773005100119942000700170952008800177999001700265 aNGNENBE, Timothy925213 aLet's ramp up climate action - Jinapor aFriday, June 23. Page 20 aClimate9252140 x22196tDaily GraphicdAccra Daily Graphic 2023 cPR 001040718PRaPLbPLcTFEWd2023-07-17l0r2023-07-17 00:00:00t1w2023-07-17yPR c45452d45452